000 00519nam a2200193Ia 4500
003 GCL
008 140319s9999 xx 000 0 ara d
040 _aGCL /
_cGCL
082 0 4 _a320.5
_bل ح
100 1 _aليبسون، لسلى
245 1 0 _aالحضارة الديمقراطية /
_cليبسون، لسلى
700 1 _aفؤاد مويساتى
300 _a240 ص
490 _a100 قصة
_v0
650 0 4 _aالسياسة
650 0 4 _aنظريات
650 0 4 _aالديمقراطية
942 _2ddc
_cBK
999 _c44116
_d44116